000 03249nam a22003017i 4500
005 20210826215507.0
008 210826t20202021at bo||g |||| 00| 0 eng d
020 _a9781760877132
_cRM79.90
_qpaperback
040 _aPPAK
_beng
_cPPAK
_erda
082 0 4 _223
_a959
090 0 0 _a959
_bOSB
_dG
100 1 _aOsborne, Milton E.,
_eauthor.
245 1 0 _aSOUTHEAST ASIA :
_bAN INTRODUCTORY HISTORY /
_cMILTON OSBORNE
250 _a13th edition
264 1 _aSydney, Australia :
_bAllen & Unwin,
_c2020
264 4 _c©2021
300 _axvii, 414 pages, 16 unnumbered pages of plates :
_bmaps, colour photographs ;
_c20 cm.
336 _2rdacontent
_atext
337 _2rdamedia
_aunmediated
338 _2rdacarrier
_avolume
500 _aIncludes index.
500 _a"First edition published in 1979"--T.p. verso. "Earlier editions translated into Japanese, Khmer, Korean, Thai and Chinese"--T.p. verso.
504 _aBibliography : pages 366-397.
505 _tWhat is Southeast Asia? -- The 'classical' background to modern Southeast Asian history -- Courts, kings and peasants : Southeast Asia before the European impact -- Minorities and slaves : the outsiders in traditional Southeast Asia -- The European advance and challenge -- Economic transformation -- The Asian immigrants in Southeast Asia -- The years of illusion : Southeast Asia between the wars, 1918-41 -- The Second World War in Southeast Asia -- Revolution and revolt : Indonesia, Vietnam, Malaya and the Philippines -- Other paths to independence -- An end to post-colonial settlements and beyond I : Indonesia, Vietnam, Cambodia and Laos -- An end to post-colonial settlements and beyond II : Burma (Myanmar), Malaya, Singapore, the Philippines and the Thai exception -- The challenges of independence in Southeast Asia -- An overview of the present and recent past.
520 _aThe first edition of Southeast Asia: An introductory history was published in 1979 and immediately filled a need for travellers and students interested in a tantalisingly different part of the world. Subsequent editions (translated into Japanese, Khmer, Korean, Chinese and Thai) have continued to document with great perception the enormous changes and dramatic growth experienced in the region. Dr Milton Osborne has been a resident, student and fascinated observer of Southeast Asia for many years. This familiarity has resulted in a highly readable and lively chronicle. While giving due regard to the early history of the region, Osborne concentrates on the changes that have taken place since the 18th century: the impact of colonial rule, the economic transformations of the 19th and 20th centuries, the emergence and triumph of the independence movements, the impact of social change and the pivotal roles played by religion, ethnic minorities and immigrant groups. He also provides an introduction to the art of the region and a comprehensive guide to literature about Southeast Asia. Clearly written and extensively illustrated Southeast Asia: An introductory history remains a classic in the field. 'Still one of the best short introductory histories of the region...' Eric Tagliacozzo, Cornell University
651 0 _aSoutheast Asia
_xHistory
942 _2ddc
_cB
999 _c184757
_d184757